|
|
|
|
| LEADER |
02758nam a22004935i 4500 |
| 001 |
978-4-431-54129-5 |
| 003 |
DE-He213 |
| 005 |
20151204175607.0 |
| 007 |
cr nn 008mamaa |
| 008 |
131113s2014 ja | s |||| 0|eng d |
| 020 |
|
|
|a 9784431541295
|9 978-4-431-54129-5
|
| 024 |
7 |
|
|a 10.1007/978-4-431-54129-5
|2 doi
|
| 040 |
|
|
|d GrThAP
|
| 050 |
|
4 |
|a QD380-388
|
| 072 |
|
7 |
|a PNNP
|2 bicssc
|
| 072 |
|
7 |
|a TEC055000
|2 bisacsh
|
| 082 |
0 |
4 |
|a 541.2254
|2 23
|
| 245 |
1 |
0 |
|a π-Stacked Polymers and Molecules
|h [electronic resource] :
|b Theory, Synthesis, and Properties /
|c edited by Tamaki Nakano.
|
| 264 |
|
1 |
|a Tokyo :
|b Springer Japan :
|b Imprint: Springer,
|c 2014.
|
| 300 |
|
|
|a XII, 270 p. 269 illus., 43 illus. in color.
|b online resource.
|
| 336 |
|
|
|a text
|b txt
|2 rdacontent
|
| 337 |
|
|
|a computer
|b c
|2 rdamedia
|
| 338 |
|
|
|a online resource
|b cr
|2 rdacarrier
|
| 347 |
|
|
|a text file
|b PDF
|2 rda
|
| 505 |
0 |
|
|a Synthesis and Properties of π-Stacked Vinyl Polymers -- Reversible Polymerization Techniques Leading to π-Stacked Polymers -- Cyclophane-based π-Stacked Polymers -- π-Stacked Oligomers as Models for Semiconducting Conjugated Organic Materials -- π-Stacking on Density Functional Theory: A Review.
|
| 520 |
|
|
|a This book covers broad aspects of the chemistry of π-stacked polymers and low-molecular-weight molecules, from synthesis through theory. It is intended for graduate students and researchers in academia and industry and consists of chapters written by renowned scientists who have made significant contributions to this field in the past decade. π-Stacked polymers and low-molecular-weight molecules are expected to replace main-chain conjugated polymers such as polyacetylenes and polythiophenes as organic conducting and energy-transferring substances that are important as materials for photo-electronic applications. π-Stacked polymers and molecules have significant advantages over main-chain conjugated polymers, i.e., high solubility in solvents, large freedom in molecular design, and colorless nature.
|
| 650 |
|
0 |
|a Chemistry.
|
| 650 |
|
0 |
|a Energy efficiency.
|
| 650 |
|
0 |
|a Electrochemistry.
|
| 650 |
|
0 |
|a Polymers.
|
| 650 |
|
0 |
|a Optical materials.
|
| 650 |
|
0 |
|a Electronic materials.
|
| 650 |
1 |
4 |
|a Chemistry.
|
| 650 |
2 |
4 |
|a Polymer Sciences.
|
| 650 |
2 |
4 |
|a Optical and Electronic Materials.
|
| 650 |
2 |
4 |
|a Electrochemistry.
|
| 650 |
2 |
4 |
|a Energy Efficiency (incl. Buildings).
|
| 700 |
1 |
|
|a Nakano, Tamaki.
|e editor.
|
| 710 |
2 |
|
|a SpringerLink (Online service)
|
| 773 |
0 |
|
|t Springer eBooks
|
| 776 |
0 |
8 |
|i Printed edition:
|z 9784431541288
|
| 856 |
4 |
0 |
|u http://dx.doi.org/10.1007/978-4-431-54129-5
|z Full Text via HEAL-Link
|
| 912 |
|
|
|a ZDB-2-CMS
|
| 950 |
|
|
|a Chemistry and Materials Science (Springer-11644)
|